Deutsches gesprächsbuch
Salvato in:
| Autore principale: | |
|---|---|
| Natura: | Libro |
| Lingua: | lingua imprecisata |
| Pubblicazione: |
Praha
Státní pedagogické nakladatelství
1970
|
| Accesso online: | Visualizza in OPAC |
| Tags: |
Nessun Tag, puoi essere il primo ad aggiungerne!!
|
MARC
| LEADER | 00000nam a2200000 a 4500 | ||
|---|---|---|---|
| 005 | 20260127134105.0 | ||
| 008 | 140530s1970 xx 0 und c | ||
| 035 | |a vtls001270791 | ||
| 035 | |a SNK000221870 | ||
| 039 | 9 | |a 201405301050 |b VLOAD |c 201106280947 |d masnk01 |c 200809251151 |d mschk03 |y 200412271140 |z VLOAD | |
| 040 | |a SNK |b slo |c SNK |d STUSCHK1 |e AACR2 | ||
| 100 | 1 | |a Soukup, František | |
| 245 | 1 | |a Deutsches gesprächsbuch | |
| 260 | |a Praha |b Státní pedagogické nakladatelství |c 1970 | ||
| 300 | |a 429 s. | ||
| 910 | |a SCHK95 | ||
| 999 | |c 3842 |d 3842 | ||